ბათუმის შოთა რუსთაველის სახელმწიფო უნივერსიტეტის ბიბლიოთეკა

Теория размерности. (ბიბ.ჩანაწერი № 39161)

000 -LEADER
fixed length control field 00538nam a2200193Ia 4500
001 - CONTROL NUMBER
control field 5744
003 - CONTROL NUMBER IDENTIFIER
control field GE_BSU
008 - FIXED-LENGTH DATA ELEMENTS--GENERAL INFORMATION
fixed length control field 181216s||||||||xx |||||||||||||| ||und||
040 ## - CATALOGING SOURCE
Transcribing agency GE_BSU
100 ## - MAIN ENTRY--PERSONAL NAME
Personal name Гуревич В., Волмен Г.
245 ## - TITLE STATEMENT
Title Теория размерности.
245 ## - TITLE STATEMENT
Statement of responsibility, etc. Ред. М.Р.. Шара- Бура
260 ## - PUBLICATION, DISTRIBUTION, ETC.
Place of publication, distribution, etc. Москва
260 ## - PUBLICATION, DISTRIBUTION, ETC.
Name of publisher, distributor, etc. госиздат иностр. лит-ры
260 ## - PUBLICATION, DISTRIBUTION, ETC.
Date of publication, distribution, etc. 1948
300 ## - PHYSICAL DESCRIPTION
Extent 231 с. 22 см.
653 ## - INDEX TERM--UNCONTROLLED
Uncontrolled term Теория размерности.
942 ## - ADDED ENTRY ELEMENTS (KOHA)
Koha item type წიგნი
ეგზემპლარები
Withdrawn status Lost status Damaged status Not for loan Date acquired Barcode Date last seen Price effective from Koha item type
        2018-12-17 16743 2018-12-17 2018-12-17 წიგნი